Statistics for All Hero's Moves From Command Selection

Click here to take the quiz!

General Stats

  • This quiz has been taken 6 times
  • The average score is 14 of 21

Answer Stats

Move% Correct
Hocus Pocus
100%
Kaboom
100%
Sizz
100%
Sizzle
100%
Zoom
100%
Acceleratle
75%
Bang
75%
Kamikazee
75%
Metal Slash
75%
Psyche Up
75%
Thwack
75%
Whack
75%
Bounce
50%
Flame Slash
50%
Hatchet Man
50%
Kaclang
50%
Magic Burst
50%
Oomph
50%
Snooze
50%
Heal
25%
Kacrackle Sash
0%

Score Distribution

Percentile by Number Answered

Percent of People with Each Score

Your Score History

You have not taken this quiz